Vista normal
Vista MARC
Entrada Personal Name
Número de registros utilizados en: 1
001 - CONTROL NUMBER
- control field: 7961
003 - CONTROL NUMBER IDENTIFIER
- control field: OSt
005 - DATE AND TIME OF LATEST TRANSACTION
- control field: 20200728120211.0
008 - FIXED-LENGTH DATA ELEMENTS
- fixed length control field: 200728|| aca||aabn | a|a d
040 ## - CATALOGING SOURCE
- Original cataloging agency: OSt
- Transcribing agency: OSt
100 ## - HEADING--PERSONAL NAME
- Personal name: Luis Fernando Ramírez Acuña
670 ## - SOURCE DATA FOUND
- Source citation: Work cat.: (OSt)4875: Colombia Ministerio de Trabajo y Seguridad Social 7958, Exposición de motivos del proyecto de ley : , 1992.